00784 a2200169 45000010006000000050017000060080041000230030015000640400040000790800056001192450109001752640048002843000018003325050216003501000025005667000023005915793120260407155839.0260407a arg spa d AR-UNSa-BCEJYS aAR-UNSa-BCEJYSbspacAR-UNSa-BCEJYS a332.1xEconomía regional. Economía territorial 10aNorte GrandepDesarrollo regional: finanzas, comercio exterior, gestión empresarial y reforma estatal. 1aBuenos Aires :bFundación Friedrich Ebert a27 p.c21 cm. a1. Introducción – 2. Tratado y región concertada – 3. El sistema interbancario – 4. Comercio exterior y región – 5. Microempresas y desarrollo regional – 6. Descentralización y reforma estatal 1 aCapraro, Héctor M.1 aEsteso, Roberto L.